| 000 | 00545nam a22001577a 4500 | ||
|---|---|---|---|
| 005 | 20120208150114.0 | ||
| 020 |
_a8170297532 _c195.00 |
||
| 035 | _aB-89752 | ||
| 037 |
_aDPL _bENG |
||
| 100 |
_aKanetkar, Yashwant P. _941237 |
||
| 245 |
_aUnix shell programming / _cby Yashwant P. Kanetkar |
||
| 260 |
_aNew Delhi _bBPB Publications |
||
| 300 |
_axiii, 486p. _c20 cms. |
||
| 942 |
_2ddc _cEN _h005.3 _mKAN |
||
| 999 |
_c62303 _d62303 |
||